[Event "IRI-ch U18"]
[Site "Chess.com INT"]
[Date "2021.01.26"]
[Round "4"]
[White "Abbaspour Dehaghani, Mohammad Hosein"]
[Black "Heidari, Abolfazl"]
[Result "1-0"]
[WhiteElo "1650"]
[BlackElo "1311"]
[PlyCount "85"]
[EventDate "2021.01.26"]
[EventType "swiss"]
[EventRounds "9"]
[EventCountry "IRI"]
[SourceTitle "CBM 200 Extra"]
[Source "ChessBase"]
[SourceDate "2021.03.31"]
[SourceVersion "1"]
[SourceVersionDate "2021.03.31"]
[SourceQuality "1"]

1. e4 e5 2. Nf3 Nc6 3. d4 exd4 4. Nxd4 Bc5 5. Be3 Qf6 6. c3 Nge7 7. Bc4 0-0 8. 0-0 Qg6 9. Nd2 Ne5 10. Be2 d5 11. Nf5 Bd6 12. Nxe7+ Bxe7 13. exd5 Bh3 14. Bf3 Nxf3+ 15. Qxf3 Bg4 16. Qg3 Bd6 17. Bf4 Bxf4 18. Qxf4 Bh3 19. Qg3 Qxg3 20. hxg3 Bf5 21. Rfe1 Rfe8 22. f3 Rad8 23. Kf2 Bd3 24. Rxe8+ Rxe8 25. Re1 Rxe1 26. Kxe1 Kf8 27. Kf2 Ke7 28. Ke3 Bb5 29. c4 Bd7 30. Ne4 b6 31. b4 f5 32. Nd2 c6 33. Kd4 cxd5 34. Kxd5 g5 35. c5 bxc5 36. bxc5 Bb5 37. c6 Kd8 38. Kd6 a6 39. c7+ Kc8 40. Nb1 h5 41. Nc3 Bd7 42. Nd5 Bb5 43. Ne7+ 1-0

[Event "IRI-ch U18"]
[Site "Chess.com INT"]
[Date "2021.01.26"]
[Round "3"]
[White "Heidari, Abolfazl"]
[Black "Salamat Manesh, Mohammad Mahyar"]
[Result "0-1"]
[WhiteElo "1311"]
[BlackElo "1541"]
[PlyCount "96"]
[EventDate "2021.01.26"]
[EventType "swiss"]
[EventRounds "9"]
[EventCountry "IRI"]
[SourceTitle "CBM 200 Extra"]
[Source "ChessBase"]
[SourceDate "2021.03.31"]
[SourceVersion "1"]
[SourceVersionDate "2021.03.31"]
[SourceQuality "1"]

1. e4 e6 2. d4 d5 3. exd5 exd5 4. Nf3 Bd6 5. c4 Nf6 6. Nc3 Be6 7. Bg5 Be7 8. Qb3 dxc4 9. Bxc4 Bxc4 10. Qxc4 0-0 11. 0-0 c6 12. Rfe1 Nbd7 13. Rad1 Nb6 14. Qb3 Re8 15. Ne5 Nfd5 16. Nxd5 Qxd5 17. Qxd5 Nxd5 18. Bxe7 Rxe7 19. Nc4 Rae8 20. Kf1 Nb4 21. Nd6 Rxe1+ 22. Rxe1 Rxe1+ 23. Kxe1 b5 24. a3 Nc2+ 25. Kd2 Nxd4 26. Kd3 Ne6 27. g3 Kf8 28. Kc3 a5 29. Nb7 a4 30. Kb4 Ke7 31. Na5 Kd7 32. Nb7 Kc7 33. Nc5 Nxc5 34. Kxc5 f5 35. f4 h6 36. h4 h5 37. Kd4 Kd6 38. Kd3 Kd5 39. Ke3 c5 40. Kd3 b4 41. axb4 cxb4 42. Kc2 Kc4 43. Kb1 Kb3 44. Ka1 Kc2 45. Ka2 a3 46. bxa3 b3+ 47. Ka1 b2+ 48. Ka2 b1Q# 0-1